• 首页
  • 本馆介绍
  • 公告通知
  • 最新文献
  • 馆藏检索
  • 电子资源
  • 读者导购
  • 参考咨询
  • 我的图书馆
  • 登录
  • 详细信息显示
  • 放入我的书架
  • 预约/预借图书
  • 作者相关作品
  • 分类相关作品
  • 丛书相关作品
  • 出版社相关作品

书目信息

  • 表格格式
  • 工作单格式
  • 卡片格式
题名:
环境与资源保护法学
    
 
作者: 金瑞林 主编 ;王灿发 , 汪劲 编
分册:  
出版信息: 北京   高等教育出版社  1999
页数: 319页
开本: 23cm
丛书名:
单 册:
中图分类: P912.6
科图分类:
主题词: 数理地理学
电子资源:
ISBN: 7-04-006154-6
000 00652nam0 2200205 450
001 0736196517
005 20070924100316.51
010    @a7-04-006154-6@d¥19.00
100    @a20070924d km y0chiy0120 ea
101 0  @achi
200 1  @a环境与资源保护法学@Ahuan jing yu zi yuan bao hu fa xue@f金瑞林主编@Fjin rui lin zhu bian@g汪劲,王灿发编@Gwang jin,wang can fa bian
210    @a北京@c高等教育出版社@d1999
215    @a319页@d23cm
606 0  @a数理地理学
690    @aP912.6@v3
701  0 @a金瑞林@Ajin rui lin@4主编
702  0 @a王灿发@Awang can fa@4编
702  0 @a汪劲@Awang jin@4编
801  0 @aCN@bPFT@c20070924
905    @a213230@dP912.6@eZY8@f1
    
    环境与资源保护法学/金瑞林主编/汪劲,王灿发编.-北京:高等教育出版社,1999
    319页;23cm
    
    
    ISBN 7-04-006154-6:¥19.00
    
●
相关链接 在E读中查询图书 在五车中查询图书 在当当中查询图书 在豆瓣中查询图书


正题名:环境与资源保护法学     索取号:P912.6/ZY8         预约/预借

序号 登录号 条形码 馆藏地/架位号 状态 备注
1 7900211   279002115   密集书库-资源管理系/ [索取号:P912.6/ZY8] 在馆    
唐山师范学院图书馆 欢迎您!
大连网信软件有限公司© 版权所有